Statistics for Flags of Countries of the World in 1971

Click here to take the quiz!

General Stats

  • This quiz has been taken 111 times
  • The average score is 114 of 149

Answer Stats

Answer% Correct
Canada
100%
United Kingdom
100%
United States
100%
China
99%
Italy
99%
France
98%
Soviet Union
98%
Japan
97%
Belgium
96%
Netherlands
96%
Poland
96%
Portugal
96%
Spain
96%
West Germany
96%
Austria
94%
Finland
94%
South Korea
94%
Sweden
94%
Cyprus
93%
Denmark
93%
Iceland
93%
Norway
93%
Greece
92%
Luxembourg
92%
Switzerland
92%
Argentina
91%
East Germany
91%
Israel
91%
San Marino
91%
Uruguay
91%
Cuba
90%
Australia
89%
New Zealand
89%
Czechoslovakia
87%
Honduras
87%
Nicaragua
86%
Panama
86%
Chile
84%
El Salvador
84%
Fiji
84%
Guatemala
84%
South Africa
84%
Bhutan
83%
India
83%
Ireland
83%
Mexico
83%
Vatican City
83%
Bulgaria
82%
Dominican Republic
82%
Hungary
82%
Nigeria
82%
Thailand
82%
Costa Rica
81%
Yugoslavia
81%
Ivory Coast
80%
Nepal
80%
Paraguay
80%
Saudi Arabia
80%
Turkey
80%
Albania
79%
Niger
79%
Tunisia
79%
Brazil
78%
Afghanistan
77%
Algeria
77%
Colombia
77%
Jamaica
77%
Kenya
77%
Liberia
77%
North Korea
77%
Pakistan
77%
Peru
77%
Philippines
77%
Venezuela
77%
Andorra
76%
Bahrain
76%
Barbados
76%
Khmer Republic
76%
Liechtenstein
76%
Malaysia
76%
Mongolia
76%
Morocco
76%
Qatar
76%
Romania
76%
Taiwan
76%
Tonga
76%
Chad
74%
Ecuador
74%
Indonesia
74%
Lebanon
74%
Malta
74%
Oman
74%
Tanzania
74%
Western Samoa
74%
Burundi
73%
Maldives
73%
Monaco
73%
Singapore
73%
Haiti
72%
Jordan
72%
Malawi
72%
Nauru
72%
Swaziland
72%
United Arab Emirates
72%
Kuwait
71%
Mauritius
71%
Trinidad and Tobago
71%
Zambia
71%
Bangladesh
70%
Ceylon
70%
Gambia
70%
Malagasy
70%
Uganda
70%
Laos
69%
Rwanda
69%
South Vietnam
69%
Ghana
68%
Guyana
68%
Lesotho
68%
Mauritania
68%
Togo
68%
Botswana
67%
Central African Republic
67%
Ethiopia
67%
Somalia
67%
North Vietnam
66%
Sierra Leone
66%
Senegal
63%
Syria
63%
Guinea
62%
Mali
62%
Equatorial Guinea
61%
Gabon
61%
Zaire
61%
Dahomey
60%
Iran
60%
Iraq
60%
Sudan
60%
Bolivia
59%
Burma
59%
Rhodesia
53%
South Yemen
53%
Cameroon
52%
Egypt
51%
North Yemen
46%
Upper Volta
37%
Congo
36%
Libya
30%
Ras al-Khaimah
19%

Score Distribution

Percentile by Number Answered

Percent of People with Each Score

Your Score History

You have not taken this quiz